00583nam a22001697a 4500003000500000005001700005008004100022040001300063082000800076100001500084245013900099260002700238300000900265650004700274700003400321856005800355Nust20241030130357.0170216b xxu||||| |||| 00| 0 eng d cNust-MCE a200 aArif Ehsan aRisk management framework for load reconstruction projects in disaster affected mountains areas A case study of Pakistan/ cArif Ehsan aRisalpur,bMCE,c2016. a72p. 2MS-Construction Engineering and Management aSupervisor: Col Mughees Aslam u http://10.250.8.41:8080/xmlui/handle/123456789/45641